00579nam a22001937a 450000500170000001000130001702000220003003500130005203700160006504000120008108200150009310000160010824500630012426000490018727000540023630000270029065000290031765000390034620170124110042.0 aA-258352 c00.00a0521269806 aA-258352 bCen Lib/Ret aDPLbEN a793.7bBOL aBolt, Brian aThe amazing mathematical amusement arcade /cby Brian Bolt aCambridge bCambridge University Pressc1984 bCambridge aThe Pitt Building, Trumpington Street a130p.:c22cm(Hb)bill. aMathematical recreations aMathematical puzzles - Collections